Trece cuentos : (Record no. 192223)

MARC details
000 -LEADER
campo de control de longitud fija 01055nam a2200313 i 4500
001 - NÚMERO DE CONTROL
campo de control 192223
003 - IDENTIFICADOR DE NÚMERO DE CONTROL
campo de control SpMaBN
005 - FECHA Y HORA DE LA ÚLTIMA TRANSACCIÓN
campo de control 20240203063058.0
008 - DATOS DE LONGITUD FIJA--INFORMACIÓN GENERAL
campo de control de longitud fija 221119s2020 sp a | |||| 000 j spa
017 ## - NÚMERO DE COPYRIGHT O DE DEPÓSITO LEGAL
Número de copyright o de depósito legal AS 487-2017
Agencia que asigna Oficina Depósito Legal Asturias
020 ## - NÚMERO INTERNACIONAL ESTÁNDAR DEL LIBRO
Número Internacional Estándar del Libro 9788416537174
035 ## - NÚMERO DE CONTROL DEL SISTEMA
Número de control de sistema (OCoLC)1022088848
040 ## - FUENTE DE CATALOGACIÓN
Centro catalogador/agencia de origen SpMaBN
Lengua de catalogación spa
Centro/agencia transcriptor SpMaBN
Normas de descripción rdc
080 ## - NÚMERO DE LA CLASIFICACIÓN DECIMAL UNIVERSAL
Número de la Clasificación Decimal Universal 821.134.2-32"19"
100 1# - ENTRADA PRINCIPAL--NOMBRE DE PERSONA
Nombre de persona Carnés, Luisa.
9 (RLIN) 35375
Término indicativo de función/relación Autor
245 10 - MENCIÓN DEL TÍTULO
Título Trece cuentos :
Resto del título (1931-1963) /
Mención de responsabilidad, etc. Luisa Carnés.
250 ## - MENCION DE EDICION
Mención de edición Tercera edición: noviembre de 2020
260 ## - PUBLICACIÓN, DISTRIBUCIÓN, ETC.
Lugar de publicación, distribución, etc. Xixón [Asturias]:
Nombre del editor, distribuidor, etc. Hoja de Lata,
Fecha de publicación, distribución, etc. 2020
300 ## - DESCRIPCIÓN FÍSICA
Extensión 217 páginas :
Otras características físicas ilustraciones (blanco y negro) ;
Dimensiones 21 cm.
490 1# - MENCIÓN DE SERIE
Mención de serie Sensibles a las letras ;
Designación de volumen o secuencia 33
500 ## - NOTA GENERAL
Nota general Índice
650 #7 - PUNTO DE ACCESO ADICIONAL DE MATERIA--TÉRMINO DE MATERIA
Fuente del encabezamiento o término embne
9 (RLIN) 175847
655 #7 - TERMINO DE INDIZACIÓN--GENERO/FORMA
9 (RLIN) 226829
Datos o término principal de género/forma Cuentos
830 0# - PUNTO DE ACCESO ADICIONAL DE SERIE-TÍTULO UNIFORME
Título uniforme Sensibles a las letras ;
Designación de volumen o secuencia 33
9 (RLIN) 226120
852 4# - LOCALIZACIÓN
Ubicación ES-MaACL
Sublocalización o colección R.153185
Número de control de estantería N-8176
Ubicación en estantería Depósito J
Donativo/Legado Donación: Editorial
itemnumber 199505
942 ## - ELEMENTOS DE ENTRADA SECUNDARIOS (KOHA)
Tipo de ítem Koha Libro impreso
Suprimir en OPAC No
Holdings
Estatus retirado Estado de pérdida Fuente del sistema de clasificación o colocación Estado de daño No para préstamo Biblioteca de origen Biblioteca actual Ubicación en estantería Fecha de adquisición Fuente de adquisición Total de préstamos Signatura topográfica completa Código de barras Visto por última vez Tipo de ítem Koha
    Clasificación decimal universal     Biblioteca del Ateneo de Madrid Biblioteca del Ateneo de Madrid Depósito J 19/11/2022 Donación   N-8176 101206650 23/02/2023 Libro impreso